| 000 | 00502nam a2200193 a 4500 | ||
|---|---|---|---|
| 001 | 1772446938462 | ||
| 003 | YourLibrary | ||
| 005 | 20260302155321.0 | ||
| 008 | 260302s2008##################000#0#eng## | ||
| 020 | _a9781412947527 | ||
| 082 | 0 | 4 | _a324.9.ARZ.3 |
| 100 | 1 |
_aArzheimer, Kai, _eauthor. |
|
| 245 | 1 | 0 | _aElectoral Behavior: Forecasting and electoral context : |
| 260 | _c2008. | ||
| 300 | _a432 pages | ||
| 650 | 0 | _aVoting. | |
| 942 | _cENGLISH | ||
| 040 |
_aYourLibrary _beng _cYourLibrary |
||
| 999 |
_c616521 _d616521 |
||